Las cosas de Richard Ford (Record no. 179558)

MARC details
000 -LEADER
campo de control de longitud fija 01195nam a2200325 i 4500
001 - NÚMERO DE CONTROL
campo de control 179558
003 - IDENTIFICADOR DE NÚMERO DE CONTROL
campo de control ES-MaACL
005 - FECHA Y HORA DE LA ÚLTIMA TRANSACCIÓN
campo de control 20251003150828.0
008 - DATOS DE LONGITUD FIJA--INFORMACIÓN GENERAL
campo de control de longitud fija 111222s2010 sp a |||| |dspa d
020 ## - NÚMERO INTERNACIONAL ESTÁNDAR DEL LIBRO
Número Internacional Estándar del Libro 978-84-8439-540-9
080 ## - NÚMERO DE LA CLASIFICACIÓN DECIMAL UNIVERSAL
Número de la Clasificación Decimal Universal 821.111 Ford, Richard 1.07
080 ## - NÚMERO DE LA CLASIFICACIÓN DECIMAL UNIVERSAL
Número de la Clasificación Decimal Universal 929 Ford, Richard
080 ## - NÚMERO DE LA CLASIFICACIÓN DECIMAL UNIVERSAL
Número de la Clasificación Decimal Universal 913(460)"18"
080 ## - NÚMERO DE LA CLASIFICACIÓN DECIMAL UNIVERSAL
Número de la Clasificación Decimal Universal 39(460)"18"
245 04 - MENCIÓN DEL TÍTULO
Título Las cosas de Richard Ford
Resto del título : estampas varias sobre la vida y obra de un hispanista inglés en la España del siglo XIX /
Mención de responsabilidad, etc. Carmelo Medina Casado, José Ruiz Mas (eds.).
250 ## - MENCION DE EDICION
Mención de edición 1ª ed.
260 ## - PUBLICACIÓN, DISTRIBUCIÓN, ETC.
Lugar de publicación, distribución, etc. Jaén :
Nombre del editor, distribuidor, etc. Publicaciones de la Universidad de Jaén,
Fecha de publicación, distribución, etc. 2010.
300 ## - DESCRIPCIÓN FÍSICA
Extensión 308 p. :
Otras características físicas il. ;
Dimensiones 23 cm.
490 1# - MENCIÓN DE SERIE
Mención de serie Alonso de Bonilla
504 ## - NOTA DE BIBLIOGRAFÍA, ETC.
Nota de bibliografía, etc. Referencias bibliográficas.
600 17 - PUNTO DE ACCESO ADICIONAL DE MATERIA--NOMBRE DE PERSONA
Nombre de persona Ford, Richard,
Fechas asociadas al nombre 1796-1858
Fuente del encabezamiento o término
9 (RLIN) 138801
651 #4 - PUNTO DE ACCESO ADICIONAL DE MATERIA--NOMBRE GEOGRÁFICO
Nombre geográfico España-
Subdivisión general Descripción-
Subdivisión cronológica S.XIX.
9 (RLIN) 8185
651 #4 - PUNTO DE ACCESO ADICIONAL DE MATERIA--NOMBRE GEOGRÁFICO
Nombre geográfico España-
Subdivisión general Usos y costumbres-
Subdivisión cronológica S.XIX.
9 (RLIN) 8521
700 1# - ENTRADA AGREGADA--NOMBRE PERSONAL
Nombre de persona Medina Casado, Carmelo.
9 (RLIN) 148793
700 1# - ENTRADA AGREGADA--NOMBRE PERSONAL
Nombre de persona Ruiz Mas, José.
9 (RLIN) 148794
830 0# - PUNTO DE ACCESO ADICIONAL DE SERIE-TÍTULO UNIFORME
Título uniforme Alonso de Bonilla
9 (RLIN) 224498
852 ## - LOCALIZACIÓN
Ubicación ES-MaACL
Número de control de estantería A-11787
itemnumber 186455
Sublocalización o colección R.146791
Ubicación en estantería Depósito 1
Signatura antigua Olim: N-4792
942 ## - ELEMENTOS DE ENTRADA SECUNDARIOS (KOHA)
Fuente del sistema de clasificación o colocación Clasificación decimal universal
Tipo de ítem Koha Libro impreso
Holdings
Estatus retirado Estado de pérdida Fuente del sistema de clasificación o colocación Estado de daño No para préstamo Biblioteca de origen Biblioteca actual Ubicación en estantería Fecha de adquisición Fuente de adquisición Total de préstamos Signatura topográfica completa Código de barras Visto por última vez Precio de reemplazo Tipo de ítem Koha
    Clasificación decimal universal     Biblioteca del Ateneo de Madrid Biblioteca del Ateneo de Madrid Depósito 1 22/12/2011 Compra   A-11787 1188631 23/02/2023 23/02/2023 Libro impreso